[Event "Norway Chess 2024"]
[Site "Stavanger, Norway"]
[Date "2024.06.06"]
[Round "18.3"]
[White "Caruana, Fabiano"]
[Black "Praggnanandhaa R"]
[Result "1-0"]
[WhiteElo "2805"]
[BlackElo "2747"]
[Annotator "Stockfish 16.1 - Chessbase"]
[PlyCount "91"]
[EventDate "2024.??.??"]

{[%evp 0,91,18,18,22,-6,-6,12,26,-36,3,-13,-11,-11,-1,-10,-5,-2,-17,-9,6,-7,17,22,21,2,-6,-4,6,-7,23,-5,-9,5,10,13,2,7,0,3,10,44,46,48,52,19,75,110,98,114,110,92,102,105,115,107,121,135,116,116,142,146,159,110,130,122,122,142,157,96,122,85,105,105,105,107,117,115,126,107,141,128,224,215,193,193,193,193,184,184,433,427,666,662]} 1. d4 {Marin,Mihail} Nf6 2. c4 e6 3. Nc3 Bb4 4. Qc2 O-O 5. a3 Bxc3+ 6. Qxc3 d5 7. e3 ({RR} 7. Bg5 dxc4 8. Qxc4 b6 9. Rd1 Ba6 10. Qa4 Bb7 ({RR} 10... Qd7) ({RR} 10... Qd7) 11. f3 Nbd7) ({RR} 7. Nf3 dxc4 8. Qxc4 b6) ({RR} 7. Bg5 dxc4 8. Qxc4 b6 9. Rd1 Ba6 10. Qa4 Bb7 11. f3 Nbd7) ({RR} 7. Nf3 dxc4 8. Qxc4 b6) 7... b6 8. cxd5 ({RR} 8. Nf3 Ba6 ({RR} 8... Bb7) ({RR} 8... Bb7) 9. b4) ({RR} 8. Nf3 Ba6 9. b4) 8... exd5 ({RR} 8... Qxd5 9. f3 ({RR} 9. Be2 c5 10. Bf3 Ne4 11. Qc2 f5 12. Ne2 cxd4 13. exd4 Nc6 14. Be3 Ba6) ({RR} 9. Be2 c5 10. Bf3 Ne4 11. Qc2 f5 12. Ne2 cxd4 13. exd4 Nc6 14. Be3 Ba6) 9... Ba6 ({RR} 9... Rd8) ({RR} 9... Rd8) 10. Bxa6 Nxa6 11. e4 Qb7 12. Bg5 Nd7 13. Ne2) ({RR} 8... Nxd5 9. Qc2 Ba6 10. Bxa6 Nxa6 11. e4 Ne7 12. Bg5 h6 13. Bxe7 Qxe7 14. Qc6 e5 15. Qb5 exd4 16. Qxa6 Qxe4+ 17. Kf1 Rfe8) ({RR} 8... Qxd5 9. f3 Ba6 10. Bxa6 Nxa6 11. e4 Qb7 12. Bg5 Nd7 13. Ne2) ({RR} 8... Nxd5 9. Qc2 Ba6 10. Bxa6 Nxa6 11. e4 Ne7 12. Bg5 h6 13. Bxe7 Qxe7 14. Qc6 e5 15. Qb5 exd4 16. Qxa6 Qxe4+ 17. Kf1 Rfe8) 9. Nf3 $146 ({RR} 9. Bd3 Ba6 ({RR} 9... Ne4 10. Qc2 Bf5 11. Ne2) ({RR} 9... Ne4 10. Qc2 Bf5 11. Ne2) 10. Bxa6 Nxa6 11. Qd3 ({RR} 11. Nf3 c5) ({RR} 11. Qc6 Re8 12. Ne2 Re6 13. Qb7 Qc8 14. Qxc8+ Rxc8 15. f3 c5 16. Bd2 Rec6 17. Kf2 Nc7 18. Rhc1 Ne6 19. Ke1 Ne8 20. a4 Nd6 21. b3 cxd4 22. Rxc6 Rxc6 23. exd4 Nf5 24. Bc3 Ne3 25. Kf2 Nf5) ({RR} 11. Nf3 c5) 11... Qc8 12. Ne2 ({RR} 12. b4 c5) ({RR} 12. b4 c5) 12... Nb8 ({RR} 12... c5 13. b3 cxd4 ({RR} 13... Qb7 14. O-O Rac8 15. Bb2) 14. Qxd4 ({RR} 14. Nxd4 Nc5 15. Qb5 ({RR} 15. Qe2 Nxb3 16. Nxb3 Qc3+) ({RR} 15. Qb1 Qa6) ({RR} 15. Qc2 Qa6) 15... a6 16. Qxb6 Rb8 17. Qc6 Nxb3 18. Qxc8 Rfxc8) ({RR} 14. exd4 {RR} Nc7 15. O-O ({RR} 15. Bf4 Ne6 16. Be5 Ne4 17. h4 Qd7 18. f3 f6 19. Bh2 Nd6 20. h5 Rfe8 21. Kf2 Qb5 22. Rhd1 Qd7 23. a4 Rac8 24. a5 b5 25. Rac1 a6 26. Bxd6 Qxd6 27. Qf5) 15... Ne6 16. Bd2 Qd7 17. f3 Rac8 18. a4 Rc6 19. Rfc1 Rxc1+ 20. Rxc1 Rc8 21. Ra1 Ne8 22. Nc3 Rc6 23. a5 N8c7 24. f4 g6 25. axb6 axb6 26. Ra7 Ng7 27. Na2) 14... Nc5 15. Qd1 ({RR} 15. Rb1 Qf5) 15... Qa6 16. Nf4 ({RR} 16. O-O Nxb3) 16... d4 ({RR} 16... g5 17. Bb2) ({RR} 16... Rad8 17. b4 ({RR} 17. Bb2 d4 18. Bxd4 Rxd4 19. Qxd4 Nxb3 20. Qb2 Nxa1 21. Qxa1 Qa5+ 22. Ke2 Qb5+) 17... g5 18. bxc5 ({RR} 18. Bb2 d4) 18... gxf4) 17. b4 ({RR} 17. exd4 Rfe8+ 18. Be3 g5 19. Ne2 Nd3+ 20. Kf1 Nd5) 17... dxe3 ({RR} 17... Nd5 18. Nxd5 ({RR} 18. bxc5 Nxf4 19. exf4 Rfe8+ 20. Kd2 bxc5) 18... Nd3+ 19. Kd2 Nxf2 20. Qf1 Ne4+ 21. Ke1 d3) 18. bxc5 Qa5+ 19. Kf1 Rad8 20. Qc2 Qb5+ 21. Ke1 ({RR} 21. Kg1 Qxc5) 21... Qa5+ 22. Kf1 Qb5+ 23. Ke1 Qa5+) 13. b3 a5 14. Bb2 Qa6 15. Qxa6 Rxa6 16. a4 Re8 17. Rc1 Ra7 18. Ba3 Rb7 19. O-O Nbd7 20. Rc6 Re6 21. Rfc1 Rxc6 22. Rxc6 h6 23. f3 Nb8 {1-0 Indjic,A (2603)-Gholami Orimi,M (2470) Dubai Police Global Chess Challenge 202 Dubai Police Officers Club, A 2024 (3.16)}) ({RR} 9. Bb5 c5 10. Ne2 Ne4 11. Qc2 Bf5 12. Qd1 Nd6 13. Ba4 c4 14. Ng3 Bd3 15. Bc2 Bxc2 16. Qxc2 Nc6 17. O-O Qd7 18. Bd2 b5 19. Bb4 a5 20. Bc5 Rfe8 21. Rfe1 Nb7 22. Rad1 g6 23. h4 h5 {½-½ Dreev,A (2606)-Santos Ruiz,M (2596) Chessable Masters Play-In chess.com INT 2024 (5)}) ({RR} 9. Bd3 Ba6 10. Bxa6 Nxa6 11. Qd3 Qc8 12. Ne2 Nb8 13. b3 a5 14. Bb2 Qa6 15. Qxa6 Rxa6 16. a4 Re8 17. Rc1 Ra7 18. Ba3 Rb7 19. O-O Nbd7 20. Rc6 Re6 21. Rfc1 Rxc6 22. Rxc6 h6 23. f3 Nb8 {1-0 Indjic,A (2603)-Gholami Orimi,M (2470) Dubai Police Open A 2024 Dubai UAE (3.16)}) ({RR} 9. Bd3 Ba6 10. Bxa6 Nxa6 11. Qd3 Qc8 12. Ne2 c5 13. b3 cxd4 ({RR} 13... Qb7 14. O-O Rac8 15. Bb2) 14. Qxd4 ({RR} 14. Nxd4 Nc5 15. Qb5 ({RR} 15. Qe2 Nxb3 16. Nxb3 Qc3+) ({RR} 15. Qb1 Qa6) ({RR} 15. Qc2 Qa6) 15... a6 16. Qxb6 Rb8 17. Qc6 Nxb3 18. Qxc8 Rfxc8) ({RR} 14. exd4) 14... Nc5 15. Qd1 ({RR} 15. Rb1 Qf5) 15... Qa6 16. Nf4 ({RR} 16. O-O Nxb3) 16... d4 ({RR} 16... g5 17. Bb2) ({RR} 16... Rad8 17. b4 ({RR} 17. Bb2 d4 18. Bxd4 Rxd4 19. Qxd4 Nxb3 20. Qb2 Nxa1 21. Qxa1 Qa5+ 22. Ke2 Qb5+) 17... g5 18. bxc5 ({RR} 18. Bb2 d4) 18... gxf4) 17. b4 ({RR} 17. exd4 Rfe8+ 18. Be3 g5 19. Ne2 Nd3+ 20. Kf1 Nd5) 17... dxe3 ({RR} 17... Nd5 18. Nxd5 ({RR} 18. bxc5 Nxf4 19. exf4 Rfe8+ 20. Kd2 bxc5) 18... Nd3+ 19. Kd2 Nxf2 20. Qf1 Ne4+ 21. Ke1 d3) 18. bxc5 Qa5+ 19. Kf1 Rad8 20. Qc2 Qb5+ 21. Ke1 ({RR} 21. Kg1 Qxc5) 21... Qa5+ 22. Kf1 Qb5+ 23. Ke1 Qa5+ {Carlsen,M (2835)-Kramnik,V (2801) Moscow 2012 CBM 149 [Marin,Mihail] ½-½}) ({RR} 9. Bd3 Ba6 10. Bxa6 Nxa6 11. Qc6 Qe8 12. Qxe8 Rfxe8 13. f3 c5 14. Ne2 Nc7 15. Kf2 Ne6 16. Rd1 cxd4 17. Nxd4 Rac8 18. Nb5 Rc2+ 19. Rd2 Rec8 20. Nc3 Rxd2+ 21. Bxd2 d4 22. exd4 Nxd4 23. Bg5 Ne8 {Artemiev,V (2691)-Yakubboev,N (2659) Tashkent UZB 2025 1-0 (70)}) 9... a5 ({RR} 9... Ne4 10. Qc2 Bf5) ({RR} 9... Ne4 10. Qc2 Bf5) 10. Ne5 $146 ({RR} 10. Bd2 Ba6 11. Bxa6 Nxa6 12. O-O c5 13. dxc5 Nxc5 14. Qd4 Nb3 {0-1 (14) Arora,M-Nolte,W Bad Zwischenahn 2002}) 10... Qd6 11. f3 c5 12. Bb5 Ba6 13. Bxa6 Rxa6 14. O-O Nc6 15. Nxc6 Qxc6 16. a4 Re8 17. b3 Raa8 18. Bb2 Rac8 19. Qd2 Qe6 20. dxc5 bxc5 21. Rfe1 Qb6 22. Rab1 Rcd8 23. Bc3 Qa7 $6 {Inaccuracy. Ra8 was best.} (23... Ra8) 24. Bxa5 Rd7 25. Bc3 d4 26. exd4 cxd4 27. Rxe8+ Nxe8 28. Bb4 Nc7 $6 {Inaccuracy. d3+ was best.} (28... d3+ 29. Qf2 Qa8 30. a5 h6 31. Qb6 Qc8 32. Qc5 Qd8 33. h3 Nc7 34. Bd2) 29. Rc1 $6 {Inaccuracy. Qd3 was best.} (29. Qd3 Ne6 30. Bd2 h5 31. Re1 Rd8 32. a5 Nc5 33. Qc4 Ne6 34. b4 d3+) 29... Qb7 $6 {Inaccuracy. d3+ was best.} (29... d3+ 30. Bc5 Qa8 31. Be3 h6 32. h3 Qd5 33. Rc3 Na6 34. Rc4 Qe6 35. Kf2) 30. Ba5 Ne6 31. Qc2 g5 32. Qc8+ Kg7 33. Bd2 Qd5 $6 {Inaccuracy. Qa7 was best.} (33... Qa7 34. a5 h5 35. h3 g4 36. Kh1 Rd8 37. Qc6 Qb8 38. Qe4 gxh3 39. gxh3) 34. Qc4 $6 {Inaccuracy. Qc6 was best.} (34. Qc6 Qxc6 35. Rxc6 d3 36. a5 Nd4 37. Rb6 h5 38. a6 h4 39. Kf1 h3) 34... Qf5 35. a5 Rc7 36. Qf1 Rc2 $6 {Inaccuracy. Rxc1 was best.} (36... Rxc1 37. Qxc1 h6 38. b4 Qd3 39. h3 f6 40. Kf2 Kf7 41. Qd1 f5 42. h4) 37. Rxc2 Qxc2 38. Qc1 Qxb3 39. Bxg5 Qb5 40. Bd2 Nc5 41. Bh6+ Kf6 42. Qf4+ Ke6 43. Qxd4 $6 {Inaccuracy. Qg4+ was best.} (43. Qg4+ Kd5 44. Qf5+ Kc6 45. Qf6+ Ne6 46. Qxf7 Qe2 47. h3 Qe1+ 48. Kh2 Qe5+) 43... Qxa5 44. Bd2 Qa4 $4 {Blunder. Qa2 was best.} (44... Qa2 45. Qg4+) 45. Bb4 Nb7 46. Qe4+ 1-0

[Event "Tsaghkadzor ChessMood op"]
[Site "Tsaghkadzor"]
[Date "2021.10.10"]
[Round "7"]
[White "Babujian, Levon"]
[Black "Praggnanandhaa, Rameshbabu"]
[Result "0-1"]
[WhiteElo "2447"]
[BlackElo "2618"]
[PlyCount "78"]
[EventDate "2021.10.04"]
[EventType "swiss"]
[EventRounds "9"]
[EventCountry "ARM"]
[SourceTitle "EXT 2022"]
[Source "ChessBase"]
[SourceDate "2021.10.06"]
[SourceVersion "1"]
[SourceVersionDate "2021.10.06"]
[SourceQuality "1"]

1. d4 Nf6 2. c4 e6 3. Nc3 Bb4 4. Nf3 O-O 5. Bg5 c5 6. e3 cxd4 7. exd4 d5 8. Rc1 h6 9. Bh4 Nc6 10. Be2 dxc4 11. Bxc4 b6 12. O-O Bb7 13. a3 Be7 14. Ba2 Rc8 $146 ({RR} 14... Nh5 15. Bxe7 Nxe7 16. Re1 Nf4 17. Ne4 Neg6 18. Bc4 Rc8 19. Bf1 Rxc1 20. Qxc1 Qd5 21. Qe3 Qh5 22. Ne5 Rd8 23. Nxg6 Nxg6 24. Nc3 Nh4 25. Rd1 Bf3 26. Rd3 Ba8 27. h3 Qg6 28. d5 Bxd5 29. Nxd5 {Nechaeva,M (2424)-Gunina,V (2510) St Petersburg 2017 ½-½ (67)}) 15. Qd3 Nh5 16. Bb1 g6 17. Bxe7 Nxe7 18. Rfd1 Nf5 19. g3 Qf6 20. d5 exd5 21. Nxd5 Qxb2 22. Rxc8 Rxc8 23. Nh4 Nxh4 24. Ne7+ Kg7 25. Nxc8 Nf3+ 26. Kf1 Nxh2+ 27. Kg1 Nf3+ 28. Kf1 Nf6 29. Nd6 Ng4 30. Bc2 Ba6 31. Nc4 Qf6 32. Kg2 Nfe5 33. Qd4 Bxc4 34. Be4 Be2 35. Re1 Bf3+ 36. Bxf3 Qxf3+ 37. Kg1 Qf6 38. Kg2 Kh7 39. f4 Nf3 0-1

[Event "Charlotte CCCSA Winter GM-A"]
[Site "Charlotte"]
[Date "2018.01.13"]
[Round "5"]
[White "Bartholomew, John"]
[Black "Praggnanandhaa, Rameshbabu"]
[Result "1-0"]
[WhiteElo "2459"]
[BlackElo "2515"]
[PlyCount "119"]
[EventDate "2018.01.11"]
[EventType "tourn"]
[EventRounds "9"]
[EventCountry "USA"]
[EventCategory "8"]
[SourceTitle "CBM 182 Extra"]
[Source "ChessBase"]
[SourceDate "2018.02.23"]
[SourceVersion "1"]
[SourceVersionDate "2018.02.23"]
[SourceQuality "1"]

1. d4 Nf6 2. c4 e6 3. Nf3 Nc6 4. Nc3 Bb4 5. Bd2 O-O 6. a3 Bxc3 7. Bxc3 d6 ({RR} 7... Ne4 8. Qc2 Nxc3 9. Qxc3 d6 10. d5 Ne7 11. dxe6 Bxe6 12. e3 h6 13. Be2 c5 14. O-O Qc7 15. Rac1 b6 16. h3 d5 17. cxd5 Nxd5 18. Qe5 Rac8 19. Rfd1 Nf6 20. Ba6 Qxe5 21. Nxe5 Rc7 22. b4 {Vidit,S (2739)-Dubov,D (2693) Kolkata IND 2024 ½-½ (86)}) 8. g3 Qe7 ({RR} 8... Ne4 9. Qc2 Nxc3 10. Qxc3 Qe7 11. Bg2 e5 12. d5 Nd8 13. e4 f5 14. exf5 Bxf5 15. O-O Bg4 16. Nd2 Nf7 17. Rae1 Qd7 18. Re3 Ng5 19. f3 Bh3 20. Bxh3 Qxh3 21. Ne4 h6 22. Nxg5 hxg5 23. Qc2 {Goldin,A (2541)-Sturt,R (2459) chess.com INT 2025 0-1 (51)}) 9. Bg2 e5 $146 ({RR} 9... Ne4 10. Rc1 f5 11. d5 Nb8 12. dxe6 Bxe6 13. O-O Nc6 14. Nd4 Bd7 15. b4 Rae8 16. Bb2 Kh8 17. Nb5 Bc8 18. e3 Be6 19. Re1 Ne5 20. c5 Nc4 21. cxd6 cxd6 22. Ba1 a6 23. Nd4 Nxa3 24. Qd3 {Arat,U (2189)-Komut,B (1951) Kocaeli 2014 1-0 (52)}) ({RR} 9... a5 10. d5 Nd8 11. O-O a4 12. Nd4 Bd7 13. Rc1 c5 14. dxc6 bxc6 15. e4 Ra6 16. e5 dxe5 17. Nf3 e4 18. Ng5 e5 19. Nxe4 Nxe4 20. Bxe4 c5 21. Re1 f6 22. f4 Nc6 23. fxe5 Nxe5 24. Bxe5 {Bilobrk,F (2373)-Sale,S (2401) Split 2013 ½-½ (36)}) 10. d5 Nb8 11. Nd2 a5 12. b4 Nbd7 13. O-O axb4 14. axb4 Rxa1 15. Qxa1 b5 16. e4 bxc4 17. Nxc4 Nb6 18. Nxb6 cxb6 19. Bd2 Qb7 20. Qa3 Bd7 21. Ra1 Rc8 22. Qa6 Qxa6 23. Rxa6 Rc2 24. Be3 Rb2 25. Rxb6 Kf8 26. h3 Rb1+ 27. Kh2 Ke7 28. Bg5 h6 29. Bxf6+ gxf6 30. g4 Bc8 31. Bf3 Rb2 32. Kg3 Rb3 33. Kg2 Ra3 34. Be2 Ra2 35. Bf3 Ra8 36. Be2 Ra2 37. Bf1 Ra1 38. Rc6 Bd7 39. Rb6 Bc8 40. Bb5 Rb1 41. Bc6 Kd8 42. Ba4 Ke7 43. Rb8 Kd8 44. Bc6 Kc7 45. Ra8 Rxb4 46. f3 Rb2+ 47. Kg3 Rb3 48. Ra7+ Kb6 49. Rxf7 h5 50. Rxf6 hxg4 51. hxg4 Kc5 52. g5 Rb1 53. g6 Rg1+ 54. Kf2 Rg5 55. Be8 Bh3 56. Ke3 Bf1 57. f4 exf4+ 58. Rxf4 Bh3 59. Rh4 Bc8 60. Rh7 1-0

[Event "12th Norway Armageddon"]
[Site "Stavanger NOR"]
[Date "2024.06.06"]
[Round "9.3"]
[White "Caruana, F.."]
[Black "Praggnanandhaa, R.."]
[Result "1-0"]
[WhiteElo "2805"]
[BlackElo "2747"]
[PlyCount "91"]
[EventDate "2024.05.27"]

1. d4 {Marin,Mihail} Nf6 2. c4 e6 3. Nc3 Bb4 4. Qc2 O-O 5. a3 Bxc3+ 6. Qxc3 d5 7. e3 ({RR} 7. Bg5 dxc4 8. Qxc4 b6 9. Rd1 Ba6 10. Qa4 Bb7 ({RR} 10... Qd7) 11. f3 Nbd7) ({RR} 7. Nf3 dxc4 8. Qxc4 b6) 7... b6 8. cxd5 ({RR} 8. Nf3 Ba6 ({RR} 8... Bb7) 9. b4) 8... exd5 ({RR} 8... Qxd5 9. f3 ({RR} 9. Be2 c5 10. Bf3 Ne4 11. Qc2 f5 12. Ne2 cxd4 13. exd4 Nc6 14. Be3 Ba6) 9... Ba6 ({RR} 9... Rd8) 10. Bxa6 Nxa6 11. e4 Qb7 12. Bg5 Nd7 13. Ne2) ({RR} 8... Nxd5 9. Qc2 Ba6 10. Bxa6 Nxa6 11. e4 Ne7 12. Bg5 h6 13. Bxe7 Qxe7 14. Qc6 e5 15. Qb5 exd4 16. Qxa6 Qxe4+ 17. Kf1 Rfe8) 9. Nf3 ({RR} 9. Bd3 Ba6 ({RR} 9... Ne4 10. Qc2 Bf5 11. Ne2) 10. Bxa6 Nxa6 11. Qd3 ({RR} 11. Nf3 c5) 11... Qc8 12. Ne2 ({RR} 12. b4 c5) 12... c5 13. b3 cxd4 ({RR} 13... Qb7 14. O-O Rac8 15. Bb2) 14. Qxd4 ({RR} 14. Nxd4 Nc5 15. Qb5 ({RR} 15. Qe2 Nxb3 16. Nxb3 Qc3+) ({RR} 15. Qb1 Qa6) ({RR} 15. Qc2 Qa6) 15... a6 16. Qxb6 Rb8 17. Qc6 Nxb3 18. Qxc8 Rfxc8) ({RR} 14. exd4) 14... Nc5 15. Qd1 ({RR} 15. Rb1 Qf5) 15... Qa6 16. Nf4 ({RR} 16. O-O Nxb3) 16... d4 ({RR} 16... g5 17. Bb2) ({RR} 16... Rad8 17. b4 ({RR} 17. Bb2 d4 18. Bxd4 Rxd4 19. Qxd4 Nxb3 20. Qb2 Nxa1 21. Qxa1 Qa5+ 22. Ke2 Qb5+) 17... g5 18. bxc5 ({RR} 18. Bb2 d4) 18... gxf4) 17. b4 ({RR} 17. exd4 Rfe8+ 18. Be3 g5 19. Ne2 Nd3+ 20. Kf1 Nd5) 17... dxe3 ({RR} 17... Nd5 18. Nxd5 ({RR} 18. bxc5 Nxf4 19. exf4 Rfe8+ 20. Kd2 bxc5) 18... Nd3+ 19. Kd2 Nxf2 20. Qf1 Ne4+ 21. Ke1 d3) 18. bxc5 Qa5+ 19. Kf1 Rad8 20. Qc2 Qb5+ 21. Ke1 ({RR} 21. Kg1 Qxc5) 21... Qa5+ 22. Kf1 Qb5+ 23. Ke1 Qa5+ {Carlsen,M (2835)-Kramnik,V (2801) Moscow 2012 CBM 149 [Marin,Mihail] ½-½}) ({RR} 9. Bd3 Ba6 10. Bxa6 Nxa6 11. Qc6 Qe8 12. Qxe8 Rfxe8 13. f3 c5 14. Ne2 Nc7 15. Kf2 Ne6 16. Rd1 cxd4 17. Nxd4 Rac8 18. Nb5 Rc2+ 19. Rd2 Rec8 20. Nc3 Rxd2+ 21. Bxd2 d4 22. exd4 Nxd4 23. Bg5 Ne8 {Artemiev,V (2691)-Yakubboev,N (2659) Tashkent UZB 2025 1-0 (70)}) 9... a5 ({RR} 9... Ne4 10. Qc2 Bf5) 10. Ne5 $146 ({RR} 10. Bd2 Ba6 11. Bxa6 Nxa6 12. O-O c5 13. dxc5 Nxc5 14. Qd4 Nb3 {0-1 (14) Arora,M-Nolte,W Bad Zwischenahn 2002}) 10... Qd6 11. f3 c5 12. Bb5 Ba6 13. Bxa6 Rxa6 14. O-O Nc6 15. Nxc6 Qxc6 16. a4 Re8 17. b3 Raa8 18. Bb2 Rac8 19. Qd2 Qe6 20. dxc5 bxc5 21. Rfe1 Qb6 22. Rab1 Rcd8 23. Bc3 Qa7 24. Bxa5 Rd7 25. Bc3 d4 26. exd4 cxd4 27. Rxe8+ Nxe8 28. Bb4 Nc7 29. Rc1 Qb7 30. Ba5 Ne6 31. Qc2 g5 32. Qc8+ Kg7 33. Bd2 Qd5 34. Qc4 Qf5 35. a5 Rc7 36. Qf1 Rc2 37. Rxc2 Qxc2 38. Qc1 Qxb3 39. Bxg5 Qb5 40. Bd2 Nc5 41. Bh6+ Kf6 42. Qf4+ Ke6 43. Qxd4 Qxa5 44. Bd2 Qa4 45. Bb4 Nb7 46. Qe4+ 1-0

[Event "12th Norway Chess 2024"]
[Site "Stavanger NOR"]
[Date "2024.06.06"]
[Round "9.3"]
[White "Caruana, F.."]
[Black "Praggnanandhaa, R.."]
[Result "1/2-1/2"]
[WhiteElo "2805"]
[BlackElo "2747"]
[PlyCount "96"]
[EventDate "2024.05.27"]

1. d4 Nf6 2. c4 e6 3. Nc3 Bb4 4. e3 O-O 5. Bd3 d5 6. cxd5 exd5 7. Nge2 Re8 8. O-O Bd6 9. Bd2 b6 10. Rc1 c5 11. Ng3 Nc6 $146 ({RR} 11... Bb7 12. Qf3 Nbd7 13. Nf5 Bf8 14. Qg3 g6 15. Rfd1 Re6 16. e4 dxe4 17. Bc4 Nh5 18. Qh3 Rf6 19. Nh6+ Bxh6 20. Bxh6 Qe8 21. Nb5 Rb8 22. dxc5 Nxc5 23. Bg5 e3 24. Qxe3 Qxe3 25. Bxe3 Nf4 26. Nd6 {Grischuk,A (2777)-Ding,L (2805) Chess.com INT 2020 0-1 (46)}) ({RR} 11... Bf8 12. dxc5 bxc5 13. e4 d4 14. Na4 Ba6 15. Bg5 Bxd3 16. Qxd3 Qa5 17. Nxc5 Bxc5 18. Bxf6 gxf6 19. Nh5 Nd7 20. Qg3+ Kf8 21. Qg7+ Ke7 22. Nf4 Qa6 23. b4 Bd6 24. Nd5+ Kd8 25. Qxf7 Rf8 26. Qxh7 {Xu,X (2611)-Habans Aguerrea,J (2438) Roquetas de Mar ESP 2025 1-0 (43)}) 12. Nh5 cxd4 13. exd4 Nxd4 14. Bg5 Be7 15. Re1 Be6 16. Bxf6 Bxf6 17. Qa4 b5 18. Nxb5 Nxb5 19. Bxb5 Rf8 20. Nxf6+ Qxf6 21. b3 d4 22. Bd3 g6 23. h3 Rad8 24. Rc5 Rd7 25. Rd1 Rfd8 26. Ra5 Qe7 27. Qa3 Qxa3 28. Rxa3 Kg7 29. f3 Bf5 30. Ra4 Bxd3 31. Rxd3 Kf6 32. h4 h5 33. Rc4 a5 34. Kf2 Rd5 35. Rd2 Kf5 36. Re2 R8d7 37. Rec2 Ke5 38. Rd2 Kf4 39. Re2 Kf5 40. Re4 g5 41. hxg5 Kxg5 42. Ke2 f5 43. Re8 h4 44. Rg8+ Kf4 45. Kf2 Rd8 46. Rg7 R8d7 47. Rg8 Rd8 48. Rg7 R8d7 1/2-1/2

[Event "Pardubice Czech op-A 29th"]
[Site "Pardubice"]
[Date "2018.07.27"]
[Round "8"]
[White "Drnovsek, Gal"]
[Black "Praggnanandhaa, Rameshbabu"]
[Result "1/2-1/2"]
[WhiteElo "2414"]
[BlackElo "2529"]
[PlyCount "79"]
[EventDate "2018.07.20"]
[EventType "swiss"]
[EventRounds "9"]
[EventCountry "CZE"]
[SourceTitle "CBM 185 Extra"]
[Source "ChessBase"]
[SourceDate "2018.07.29"]
[SourceVersion "1"]
[SourceVersionDate "2018.07.29"]
[SourceQuality "1"]

1. d4 Nf6 2. c4 e6 3. Nc3 Bb4 4. Qc2 O-O 5. Nf3 d5 6. Bg5 h6 7. Bxf6 Qxf6 8. a3 Bxc3+ 9. Qxc3 c6 10. e3 Nd7 11. Be2 ({RR} 11. Rd1 Re8 12. Be2 dxc4 13. Bxc4 b6 14. O-O Bb7 15. e4 c5 16. d5 Qxc3 17. bxc3 exd5 18. exd5 Ne5 19. Be2 Rad8 20. c4 Ba6 21. Nxe5 Rxe5 22. Bd3 Rd6 23. f4 Re3 24. Rfe1 Rxe1+ 25. Rxe1 Kf8 {Rasulov,V (2505)-Aghaei,A (2204) chess.com INT 2025 1-0 (52)}) 11... dxc4 12. Bxc4 b6 13. Bd3 $146 ({RR} 13. O-O Bb7 14. Rac1 Rfd8 15. b4 c5 16. dxc5 bxc5 17. Qxf6 gxf6 18. b5 Nb6 19. Rc3 a6 20. bxa6 Bxa6 21. Bxa6 Rxa6 22. Rxc5 Rxa3 23. h3 Nd5 24. Rfc1 Kg7 25. Nd4 Ra2 26. Rc8 Rxc8 27. Rxc8 f5 {Rasulov,V (2478)-Le,Q (2709) Chess.com INT 2020 ½-½ (94)}) ({RR} 13. O-O Bb7 14. Rac1 c5 15. Be2 Rac8 16. b4 cxd4 17. Qxd4 Qe7 18. Rfd1 Nf6 19. Ne5 Rxc1 20. Rxc1 Rd8 21. Qb2 Qd6 22. h3 Kf8 23. Bf3 Bxf3 24. Nxf3 Nd5 25. Nd4 Ne7 26. Nb5 Qd7 27. Qe5 a6 {Bocharov,D (2611)-Oparin,G (2617) Novosibirsk 2016 ½-½ (61)}) 13... Bb7 14. Be4 Rac8 15. O-O Qe7 16. b4 Nf6 17. Bd3 c5 18. dxc5 bxc5 19. Ne5 Nd5 20. Qb2 cxb4 21. axb4 Qxb4 22. Qxb4 Nxb4 23. Rxa7 Nxd3 24. Nxd3 Be4 25. Ne5 f6 26. f3 fxe5 27. fxe4 Rc4 28. Rxf8+ Kxf8 29. Kf2 Rxe4 30. Kf3 Rb4 31. e4 Rb3+ 32. Kf2 Rb5 33. Kf3 Kg8 34. Re7 Rb6 35. Ra7 Rb3+ 36. Kf2 Rb5 37. Re7 Rb6 38. Ra7 Rb5 39. Re7 Rb6 40. Ra7 1/2-1/2

[Event "PRO League Prelim 2023"]
[Site "chess.com INT"]
[Date "2023.03.02"]
[Round "3.4"]
[White "Dubov, Daniil"]
[Black "Praggnanandhaa, R.."]
[Result "1/2-1/2"]
[WhiteElo "2708"]
[BlackElo "2690"]
[PlyCount "91"]
[EventDate "2023.02.14"]
[WhiteTeam "Levitov Chess Wizards"]
[BlackTeam "Indian Yogis"]

1. d4 Nf6 2. c4 e6 3. Nc3 Bb4 4. e3 O-O 5. Nge2 d5 6. a3 Be7 7. cxd5 exd5 8. g3 Re8 9. Bg2 a5 10. O-O Na6 11. Qc2 c6 12. Bd2 Nc7 13. Rad1 Ne6 14. Bc1 b5 15. Nb1 $146 ({RR} 15. Rfe1 Ba6 16. b3 Rc8 17. Qb1 Qb6 18. b4 axb4 19. axb4 Ra8 20. Bd2 Bc8 21. Qb3 Ng5 22. f3 h5 23. Nf4 Ne6 24. Nxe6 Bxe6 25. Ne2 Ra4 26. Nf4 Rea8 27. Nxe6 fxe6 28. Bc3 Ra2 29. Ra1 Rxa1 {Bareev,E (2634)-Naiditsch,A (2689) Moscow 2009 1-0 (47)}) 15... b4 16. Rfe1 Qb6 17. axb4 axb4 18. Nd2 Ba6 19. Nb3 Bc4 20. Nf4 Qb5 21. Nxe6 fxe6 22. Nc5 b3 23. Qc3 Bxc5 24. dxc5 e5 25. Bd2 Qxc5 26. Ra1 Ra7 27. Rxa7 Qxa7 28. h3 Qa4 29. Rc1 Bb5 30. f3 Qc4 31. Qxc4 Bxc4 32. Bf1 Bxf1 33. Kxf1 Rc8 34. Rc3 c5 35. Rxb3 e4 36. Bc3 d4 37. exd4 exf3 38. dxc5 Ne4 39. Rb4 Nxc3 40. bxc3 Rxc5 41. Rb3 Rd5 42. c4 Rd1+ 43. Kf2 Rc1 44. Rxf3 Rxc4 45. g4 Rc7 46. Kg3 1/2-1/2

[Event "FIDE World Cup 2023"]
[Site "Baku AZE"]
[Date "2023.08.17"]
[Round "6.3"]
[White "Erigaisi, Arjun"]
[Black "Praggnanandhaa, R.."]
[Result "1/2-1/2"]
[WhiteElo "2710"]
[BlackElo "2690"]
[PlyCount "71"]
[EventDate "2023.07.30"]
[EventType "k.o."]

1. d4 Nf6 2. c4 e6 3. Nc3 Bb4 4. Qc2 O-O 5. Nf3 d5 6. a3 Bxc3+ 7. Qxc3 dxc4 8. Qxc4 b6 9. Bg5 Ba6 10. Qc1 ({RR} 10. Qc2 h6 11. Bh4 c5 12. e4 Bxf1 13. Rxf1 g5 14. Bg3 cxd4 15. Rd1 Qc8 16. Qe2 Qa6 17. Bxb8 Qxe2+ 18. Kxe2 Raxb8 19. Rxd4 Rbc8 20. Rfd1 Rc2+ 21. R1d2 Rfc8 22. Ne5 Rc1 23. Rd8+ Rxd8 24. Rxd8+ Kg7 {Morozevich,A (2771)-Topalov,V (2796) Nice 2009 1-0 (44)}) 10... h6 ({RR} 10... Nbd7 11. Qc6 Rc8 12. Bxf6 gxf6 13. Rd1 Nb8 14. Qe4 Qe7 15. e3 Bxf1 16. Kxf1 Rfd8 17. h4 c5 18. Rh3 Nc6 19. Rg3+ Kh8 20. Rc1 f5 21. Qf4 f6 22. dxc5 bxc5 23. e4 Nd4 24. e5 Nxf3 25. Rxf3 {Kaliakhmet,E (2306)-Balajayeva,K (2337) Batumi GEO 2025 1-0 (57)}) 11. Bh4 Bb7 $146 ({RR} 11... c5 12. e4 Bxf1 13. Kxf1 e5 14. Nxe5 Qxd4 15. Bxf6 gxf6 16. Ng4 Rd8 17. Nxh6+ Kf8 18. Nf5 Qd3+ 19. Kg1 Qxe4 20. Qh6+ Ke8 21. Qh8+ Kd7 22. Rd1+ Kc6 23. Qxd8 Qxf5 24. h4 Kb7 25. h5 Nc6 26. Qd7+ {Shankland,S (2671)-Gorshtein,I (2540) chess.com INT 2024 1-0}) 12. e3 Nbd7 13. Be2 c5 14. O-O Rc8 15. Qe1 g5 16. Bg3 Ne4 17. Rd1 Nxg3 18. hxg3 Qf6 19. Bb5 Rc7 20. Bxd7 Bxf3 21. gxf3 Rxd7 22. dxc5 Rxd1 23. Qxd1 bxc5 24. Qc2 Rb8 25. Qxc5 Rxb2 26. Kg2 a6 27. Rd1 Kg7 28. Rd4 Ra2 29. Ra4 Qb2 30. Qd4+ Qxd4 31. exd4 Ra1 32. Rxa6 Rd1 33. Ra4 Rd3 34. g4 Kg6 35. Kg3 h5 36. gxh5+ 1/2-1/2

[Event "Meltwater Tour Final 2022"]
[Site "chess24.com INT"]
[Date "2022.11.15"]
[Round "2.1"]
[White "Giri, A.."]
[Black "Praggnanandhaa, R.."]
[Result "0-1"]
[WhiteElo "2764"]
[BlackElo "2678"]
[PlyCount "66"]
[EventDate "2022.11.14"]

1. d4 Nf6 2. c4 e6 3. Nc3 Bb4 4. f3 c5 5. a3 Bxc3+ 6. bxc3 Nc6 7. e4 d6 8. Ne2 b6 9. Ng3 O-O 10. Be2 ({RR} 10. Be3 Ba6 11. Bd3 Na5 12. Qe2 cxd4 13. cxd4 Rc8 14. Rc1 Qc7 15. O-O Bxc4 16. f4 Bxd3 17. Qxd3 Qb7 18. e5 Nd5 19. Bd2 f5 20. exf6 Nxf6 21. Bxa5 bxa5 22. Rb1 Qd7 23. f5 Nd5 24. Rbe1 exf5 {Bordignon,A (2009)-Vezzosi,P (2089) Trieste ITA 2025 1-0 (36)}) 10... Ba6 11. O-O Na5 12. f4 cxd4 $146 ({RR} 12... Ne8 13. e5 dxe5 14. fxe5 cxd4 15. cxd4 Bxc4 16. Be3 Rc8 17. Ne4 Bxe2 18. Qxe2 f5 19. Ng5 Qd5 20. Rad1 h6 21. Nh3 Nc7 22. Rc1 Nb3 23. Rcd1 Rfd8 24. Qh5 Rd7 25. Qg6 Kh8 26. Rf3 Re7 27. Nf4 {Lampman,B (2057)-Eynullayev,A (2265) chess.com INT 2024 1-0 (46)}) 13. cxd4 Bxc4 14. f5 h6 15. Bxc4 Nxc4 16. Rb1 e5 17. d5 Rc8 18. Nh5 Na5 19. Rb4 Rc3 20. Bd2 Rd3 21. Qc2 Rxa3 22. Nxg7 Kxg7 23. Qc1 Rd3 24. Bxh6+ Kh7 25. Bg5 Rg8 26. h4 Nb3 27. Qe1 Nc5 28. Kh1 a5 29. Rc4 b5 30. Rc3 Rxc3 31. Qxc3 Ncxe4 32. Qe3 Qc8 33. Rf3 Qc2 0-1